000 01084nam a22003377a 4500
003 CHAP
005 20220329143309.0
008 080311d2006 es o r 00110 spa d
010 _a94580
011 _a95552
020 _a8428208700
035 _a106179
040 _cCHAP
090 _aFolleto 17341
100 1 _aFriedrich, Eberts
_943303
245 1 0 _aBambús las especies y variedades más hermosas:
_belección, diseño, cuidados
_c/por Friedrich Eberts
260 _aEspaña:
_bOmega,
_c2006
300 _a95 p. :
_bilus.
490 _aManuales prácticos
590 _aBATCH-UPD
_b10
_c20130110
_lUCH01
_h0755
590 _aBATCH-UPD
_b10
_c20130111
_lUCH01
_h0001
590 _aBATCH-UPD
_b10
_c20130410
_lUCH01
_h0434
590 _aBATCH-UPD
_b10
_c20130914
_lUCH01
_h0529
590 _aBATCH-UPD
_b10
_c20130914
_lUCH01
_h2151
590 _aCONVERSION
_b10
_c20130109
_lUCH01
_h1352
650 1 4 _aBambú.
_99788
830 0 _aManuales prácticos
_970696
901 _aBK
942 _cFOLL
949 _aFolleto 17341
_bBC
_cFOLL
_d33724002051132
_eTS1
_gI.c/e
_i106179
_sb
_t$243.75
999 _c94580
_d94580